000
00362nam a2200133Ia 4500
008
151001s9999||||xx |||||||||||||| ||und||
100
_a
रेचल गडकर
245
_a
आळशी नवरा
250
_a
1
260
_b
सेन्ट्रल प्रकाशन मुंबई
260
_c
1983
300
_a
24
365
_b
18
999
_c
981859
_d
981856